Algebra, trigonometría y geometría analítica

Gorde:
Xehetasun bibliografikoak
Erakunde egilea: Universidad Católica de Valparaíso (Egilea)
Formatua: Liburua
Hizkuntza:gaztelania
Argitaratua: Valparaíso Instituto de Matemáticas 1983
Edizioa:3a. ed
Gaiak:
Etiketak: Etiketa erantsi
Etiketarik gabe, Izan zaitez lehena erregistro honi etiketa jartzen!

MARC

LEADER 00000nam a2200000 a 4500
001 UCV4100
003 CL-VaPUC
008 890920e19830000CL |||||||||||||||||spa|d
082 0 4 |a 512  |b UNI  |2 21 
110 2 |a Universidad Católica de Valparaíso  |e author  |9 298448 
245 1 0 |a Algebra, trigonometría y geometría analítica 
250 |a 3a. ed 
300 |a 396 p 
942 |c BK 
945 |d 19890920 00:00:00  |a mfernand 
260 |a Valparaíso  |b Instituto de Matemáticas  |c 1983 
650 0 |a Álgebra  |9 259567 
650 0 |a Geometría analítica   |9 260062 
650 0 |a Trigonometría   |9 259568 
583 |a last modification  |c 20181023 09:46:10  |k Rodrigo Vera 
999 |c 211104  |d 211102 
952 |0 0  |1 0  |4 0  |6 512_000000000000000_UNI_1983  |7 0  |8 A  |9 189003  |a BIBING  |b BIBING  |d 2019-11-14  |i 354401K  |l 1  |o 512 UNI 1983  |p 354401K  |q 2025-05-23  |r 2025-04-23  |s 2025-04-23  |w 2019-11-14  |y BK  |k ING 
952 |0 0  |1 0  |4 0  |6 512_000000000000000_UNI_1983  |7 0  |8 A  |9 189005  |a BIBING  |b BIBING  |d 2019-11-14  |i 3544044  |o 512 UNI 1983  |p 3544044  |r 2023-03-02  |w 2019-11-14  |y BK  |k ING 
952 |0 0  |1 0  |4 0  |6 512_000000000000000_UNI_1983  |7 0  |8 A  |9 189013  |a BIBING  |b BIBING  |d 2019-11-14  |i 3628639  |o 512 UNI 1983  |p 3628639  |r 2023-03-02  |w 2019-11-14  |y BK  |k ING 
952 |0 0  |1 0  |4 0  |6 512_000000000000000_UNI_1983  |7 0  |8 A  |9 189022  |a BIBING  |b BIBING  |d 2019-11-14  |i 3628833  |l 1  |o 512 UNI 1983  |p 3628833  |q 2020-07-27  |r 2020-07-27  |s 2020-07-27  |w 2019-11-14  |y BK  |k ING 
952 |0 0  |1 2  |4 0  |6 512_000000000000000_UNI_1983  |7 0  |8 A  |9 189023  |a BIBING  |b BIBING  |d 2019-11-14  |i 3628841  |o 512 UNI 1983  |p 3628841  |r 2019-11-14  |w 2019-11-14  |y BK  |k ING 
952 |0 0  |1 0  |4 0  |6 512_000000000000000_UNI_1983  |7 0  |8 A  |9 189024  |a BIBING  |b BIBING  |d 2019-11-14  |i 362885K  |o 512 UNI 1983  |p 362885K  |r 2023-03-02  |w 2019-11-14  |y BK  |k ING 
952 |0 0  |1 2  |4 0  |6 512_000000000000000_UNI_1983  |7 0  |8 A  |9 189027  |a BIBING  |b BIBING  |d 2019-11-14  |i 3628914  |o 512 UNI 1983  |p 3628914  |r 2019-11-14  |w 2019-11-14  |y BK  |k ING 
952 |0 0  |1 2  |4 0  |6 512_000000000000000_UNI_1983  |7 0  |8 A  |9 189030  |a BIBING  |b BIBING  |d 2019-11-14  |i 3628949  |o 512 UNI 1983  |p 3628949  |r 2019-11-14  |w 2019-11-14  |y BK  |k ING 
952 |0 0  |1 0  |4 0  |6 512_000000000000000_UNI_1983  |7 0  |8 A  |9 189031  |a BIBING  |b BIBING  |d 2019-11-14  |i 3628957  |o 512 UNI 1983  |p 3628957  |r 2023-03-02  |w 2019-11-14  |y BK  |k ING 
952 |0 0  |1 2  |4 0  |6 512_000000000000000_UNI_1983  |7 0  |8 A  |9 189034  |a BIBING  |b BIBING  |d 2019-11-14  |i 4024389  |o 512 UNI 1983  |p 4024389  |r 2019-11-14  |w 2019-11-14  |y BK  |k TRA 
952 |0 0  |1 0  |4 0  |6 512_000000000000000_UNI_1983  |7 0  |8 A  |9 189035  |a BIBING  |b BIBING  |d 2019-11-14  |i 4024370  |o 512 UNI 1983  |p 4024370  |r 2023-03-02  |w 2019-11-14  |y BK  |k TRA 
952 |0 0  |1 0  |4 0  |6 512_000000000000000_UNI_1983  |7 0  |8 A  |9 189038  |a BIBING  |b BIBING  |d 2019-11-14  |i 4024346  |o 512 UNI 1983  |p 4024346  |r 2023-03-02  |w 2019-11-14  |y BK  |k TRA 
952 |0 0  |1 0  |4 0  |6 512_000000000000000_UNI_1983  |7 0  |8 A  |9 189040  |a BIBING  |b BIBING  |d 2019-11-14  |i 402432K  |o 512 UNI 1983  |p 402432K  |r 2023-03-02  |w 2019-11-14  |y BK  |k TRA